000 00670nam a2200289Ia 4500
005 20260324140041.0
008 008 260324s9999 xx 000 0 eng d
020 _a9781410601650
037 _aEBOOK
040 _aCRL
040 _beng
040 _cCRL
041 _2eng
041 _aeng
084 _qCRL
100 _aMary F. Heller
_91202941
245 0 _aReading-Writing Connections
245 0 _bFrom Theory to Practice
260 _bTaylor and Francis
260 _c1999
365 _a
365 _b325
856 _uhttp://www.taylorfrancis.com/books/9781410601650
942 _cEBOOK
999 _c1804586
_d1804586